000 00480nam a2200181Ia 4500
001 18503
005 20260306171635.0
008 260306s9999||||xx |||||||||||||| ||und||
041 _aESP
082 _a658.406
_bM42
100 _aMéndez Álvarez, Carlos Eduardo
_eAUT
245 0 _aCultura y clima:
_bfundamentos para el cambio en la organización
260 _c2018
300 _axv, 239 páginas :
_c23 cm.
650 _aGEN
654 _aCAN
942 _cLIB
_dJUS
_fJUS
_2ddc
_n
999 _c18503
_d18503